EViews 7 : (Record no. 16077)
[ view plain ]
| 000 -LEADER | |
|---|---|
| fixed length control field | 01310nam a22002657a 4500 |
| 008 - FIXED-LENGTH DATA ELEMENTS--GENERAL INFORMATION | |
| fixed length control field | 110904m20092007cau|||||r|||| 001 0 eng d |
| 020 ## - INTERNATIONAL STANDARD BOOK NUMBER | |
| International Standard Book Number | 9781880411421 |
| 082 ## - DEWEY DECIMAL CLASSIFICATION NUMBER | |
| Edition number | 22 |
| Classification number | 330.0112 |
| Item number | STA |
| 100 ## - MAIN ENTRY--PERSONAL NAME | |
| 9 (RLIN) | 26961 |
| Personal name | Startz, Richard |
| 245 ## - TITLE STATEMENT | |
| Title | EViews 7 : |
| Statement of responsibility, etc | Richard Startz |
| Remainder of title | Object Reference / |
| 250 ## - EDITION STATEMENT | |
| Edition statement | 2nd ed. |
| 260 ## - PUBLICATION, DISTRIBUTION, ETC. (IMPRINT) | |
| Place of publication, distribution, etc | Irvine, CA : |
| Name of publisher, distributor, etc | Quantitative Micro Software, 2009. |
| Date of publication, distribution, etc | 2009 |
| 300 ## - PHYSICAL DESCRIPTION | |
| Extent | 760 p. : |
| Other physical details | ill. ; |
| Dimensions | 23 cm. |
| 500 ## - GENERAL NOTE | |
| General note | Includes index |
| 505 ## - FORMATTED CONTENTS NOTE | |
| Formatted contents note | v. 1. Eviews fundamentals -- Basic data analysis -- Customizing output -- |
| 505 ## - FORMATTED CONTENTS NOTE | |
| Formatted contents note | v. 2. Basic single equation analysis -- Advanced single equation analysis -- Advanced univariate analysis -- Multiple equation analysis -- Panel and pooled data -- Advanced multivariate analysis. |
| 541 ## - IMMEDIATE SOURCE OF ACQUISITION NOTE | |
| Source of acquisition | Mr. Ahmed Swan ; |
| 610 ## - SUBJECT ADDED ENTRY--CORPORATE NAME | |
| 9 (RLIN) | 13804 |
| Corporate name or jurisdiction name as entry element | Quantitative Micro Software (Firm) |
| 650 ## - SUBJECT ADDED ENTRY--TOPICAL TERM | |
| 9 (RLIN) | 26958 |
| Topical term or geographic name as entry element | EViews (Computer file) |
| Form subdivision | Handbooks, manuals, etc. |
| 650 ## - SUBJECT ADDED ENTRY--TOPICAL TERM | |
| 9 (RLIN) | 26959 |
| Topical term or geographic name as entry element | Economic forecasting |
| General subdivision | Computer programs |
| Form subdivision | Handbooks, manuals, etc. |
| 650 ## - SUBJECT ADDED ENTRY--TOPICAL TERM | |
| 9 (RLIN) | 26960 |
| Topical term or geographic name as entry element | Econometrics |
| General subdivision | Computer programs |
| Form subdivision | Handbooks, manuals, etc. |
| 653 ## - INDEX TERM--UNCONTROLLED | |
| Resource For college | |
| Arrived date list | September2011 |
| 942 ## - ADDED ENTRY ELEMENTS (KOHA) | |
| Source of classification or shelving scheme | Dewey Decimal Classification |
| Item type | Book - Borrowing |
| Withdrawn status | Item status | Source of classification or shelving scheme | Damaged status | Not for loan | Vendor | Home library | Current library | Shelving location | Date acquired | Source of acquisition | Total Checkouts | Full call number | Barcode | Date last seen | Koha item type |
|---|---|---|---|---|---|---|---|---|---|---|---|---|---|---|---|
| Dewey Decimal Classification | Central Library | Central Library | First floor | 22/09/2011 | Donation | 330.0112 STA | 000024849 | 15/07/2025 | Book - Borrowing |